000 00579nam a2200145 a 4500
001 000016603
005 20200929164932.0
008 100308s19uu dr a r 000 0 spa d
040 _aDO-SdBNP
_bspa
_cBNPHU
082 _axxx
_bB195j
245 0 0 _aBaloncesto para los jóvenes :
_bpreparación diferenciada durante las etapas de desarrollo para adecuar a los jóvenes a un entrenamiento especializado de baloncesto.
260 _aSanto Domingo :
_bSEDEFIR.
300 _a140 p. :
_bil. ;
_c22 cm.
710 2 _aSecretaría de Estado de Deportes, Educación Física y Recreación
_936895
999 _c16136
_d16136